| 000 | 00430nam a2200181Ia 4500 | ||
|---|---|---|---|
| 001 | 19498 | ||
| 005 | 20260306172657.0 | ||
| 008 | 260306t2010||||xx |||||||||||||| ||spa|| | ||
| 041 | _aESP | ||
| 082 |
_a340.1 _bA39 |
||
| 100 |
_aAlexy, Robert _eAUT |
||
| 245 | 0 | _aLa institucionalización de la justicia | |
| 260 | _c2010 | ||
| 300 |
_a102 páginas : _c24 cm. |
||
| 650 | _aGEN | ||
| 654 | _aCDE | ||
| 942 |
_cLIB _dJUS _fJUS _2ddc _n |
||
| 999 |
_c19498 _d19498 |
||